Statistics for U.S. Map Minesweeper Randomized (Expert)

Click here to take the quiz!

General Stats

  • This quiz has been taken 8,418 times
  • The average score is 20 of 25

Answers on the Map

Answers color-coded by a green-red scale on the quiz's map according to % correct below.
 

Answer Stats

State% Correct
Texas
89%
Alaska
87%
California
87%
Idaho
85%
Utah
85%
Colorado
84%
Kentucky
84%
New York
84%
Washington
84%
Nevada
83%
Florida
82%
Alabama
81%
Arizona
81%
Illinois
81%
Maine
81%
Oklahoma
81%
Georgia
80%
Michigan
80%
Tennessee
80%
Wyoming
80%
Montana
79%
Ohio
79%
New Mexico
78%
Oregon
78%
South Dakota
78%
Arkansas
77%
Hawaii
77%
Kansas
77%
Nebraska
77%
Iowa
76%
Pennsylvania
76%
Vermont
76%
Wisconsin
76%
North Carolina
75%
Missouri
74%
North Dakota
74%
Rhode Island
74%
West Virginia
74%
Louisiana
73%
Mississippi
73%
New Hampshire
73%
Connecticut
72%
Minnesota
72%
South Carolina
72%
Massachusetts
71%
New Jersey
71%
Virginia
71%
Indiana
70%
Maryland
69%
Delaware
67%

Score Distribution

Percentile by Number Answered

Percent of People with Each Score

Your Score History

You have not taken this quiz